| 000 | 00565nam a2200193Ia 4500 | ||
|---|---|---|---|
| 008 | 140626s9999 xx 000 0 und d | ||
| 100 | _aUllah, Mohammad Sahid. | ||
| 245 |
_aHalfway between newsroom and classroom : _b the human resource development strategy for journalism / _c Mohammad Sahid.Ullah |
||
| 260 | _cc2013. | ||
| 300 | _a40 : 2, page 182 | ||
| 440 | _aMedia Asia | ||
| 521 | _aMC | ||
| 650 | _aClassroom. | ||
| 650 | _aCommunication. | ||
| 650 | _aHuman resource development. | ||
| 650 | _aJournalism. | ||
| 650 | _aNewsroom. | ||
| 942 | _cSE | ||
| 999 |
_c121201 _d121201 |
||